000
00314 a2200145 4500
001
160502
020
_a
040
_c
Magnum
100
_a
Pires, Celia
240
1
0
_a
Matematica no planeta azul/v.3
_l
por
245
1
0
_a
Matematica no planeta azul/v.3
362
0
_a
1899
697
_a
PARADIDATICO
942
_c
BK
999
_c
160502
_d
160502